Úspech v multilevelovom marketingu

Uložené v:
Podrobná bibliografia
Hlavný autor: Grahamová-Scottová, Gini
Ďalší autori: Drábová, Judita, Vrabel, Jan
Médium: Kniha
Jazyk:Slovak
Vydavateľské údaje: Bratislava Dráb 1995
Vydanie:1. vyd.
Predmet:
Tagy: Pridať tag
Žiadne tagy, Buďte prvý, kto otaguje tento záznam!

MARC

LEADER 00000nam a2200000 4500
001 c010916
005 20221128074228.3
020 |a 80-85441-06-3 
041 0 |a slo 
044 |a SK 
245 1 0 |a Úspech v multilevelovom marketingu  |c Gini Grahamová-Scottová ; [Z angl. prel.] Judita Drábová, Jan Vrabel 
250 |a 1. vyd. 
264 1 |a Bratislava  |b Dráb  |c 1995 
300 |a 335 s. 
610 2 0 |a marketing sieťový 
610 2 0 |a predaj 
610 2 0 |a zákazníci 
610 2 0 |a propagácia 
610 2 0 |a reklama 
610 2 0 |a distribúcia 
610 2 0 |a úspech pracovný 
100 1 |a Grahamová-Scottová, Gini 
700 1 |a Drábová, Judita 
700 1 |a Vrabel, Jan